000 00949nji a22002537a 4500
005 20100908103554.0
006 a|||||r|||||00| 0
007 sd ammalaaahaa
008 100830t xxu||||| |||| 00| 0 eng d
028 _aLBE 57
_bColumbia
035 _aGR-01236
040 _aSED
_cSED
100 _917455
_aAyyer, Musiri Subramania
245 _aThiruvadi charanam /
_cby Musiri Subramania Ayyer
_h[sound recording] :
246 _aथिरुवादी चरणं / मुसिरी सुब्रमनिया अय्येर द्वारा
260 _aDum Dum, India
_bColumbia
300 _a1 sound disc [Gramophone Recording]:
_banalog, 33 1/3 rpm
_c9.5 in. (MP)
_fGramophone Record
500 _aBrief Record
650 _aClassical music
_zIndia
_91186
_xExcerpts
700 _917416
700 _917456
942 _2ddc
_cGR
999 _c44353
_d44353